| 000 | 00000nam 2200000za 4500 |
| 001 | 9.695151 |
| 003 | CaOODSP |
| 005 | 20210921095719 |
| 007 | cr ||||||||||| |
| 008 | 150407s1999 onc|||||o f|0| 0 eng d |
| 040 | |aCaOODSP|beng |
| 043 | |an-cn--- |
| 086 | 1 |aC2-422/1999E-PDF |
| 110 | 1 |aCanada. |bOffice of Consumer Affairs. |
| 245 | 10|aCanadian consumer handbook |h[electronic resource]. |
| 260 | |aOttawa : |bIndustry Canada, |c[1999]. |
| 300 | |a95 p. : |bindex. |
| 500 | |aThe catalogue number (C2-422/1999E) and ISBN (0-662-27620-5) for the print edition have been incorrectly copied in this electronic publication. |
| 590 | |a11-28-Supp|b2011-11-17 |
| 690 | 07|aConsumer protection|2gcpds |
| 775 | 08|tGuide du consommateur canadien |w(CaOODSP)9.639294 |
| 776 | 0#|tCanadian consumer handbook |w(CaOODSP)9.647643 |
| 776 | 0#|tCanadian consumer handbook |w(CaOODSP)9.647644 |
| 776 | 0#|tCanadian consumer handbook |w(CaOODSP)9.647645 |
| 776 | 0#|tCanadian consumer handbook |w(CaOODSP)9.647653 |
| 776 | 0#|tCanadian consumer handbook |w(CaOODSP)9.647260 |
| 794 | |tCanadian consumer handbook |w(CaOODSP)9.686318 |
| 856 | 40|ahttp://publications.gc.ca|qPDF|s488 KB|uhttps://publications.gc.ca/collections/Collection/C2-422-1999E.pdf |
| 986 | |a52644E |